000 01077cam a22003137a 4500
003 CHAP
005 20220329141319.0
008 971013s1988 it r 00010 eng d
010 _a66248
011 _a67220
035 _a76690
040 _cCHAP
082 1 0 _a639.2
_bF46 v.388
110 2 _aFAO. Comisión de Pesca Continental para Africa
_939476
245 1 0 _aReport of the session of the sub-committee for the development and management of the fisheries of Lake Victoria (4o.)
260 _aRome :
_bFAO,
_c1988
300 _a112 p.
_b; mapas ; gráfs.
490 0 _aFAO. Informe de pesca
_v; 388
590 _aBATCH-UPD
_b10
_c20130110
_lUCH01
_h0536
590 _aBATCH-UPD
_b10
_c20130410
_lUCH01
_h0216
590 _aBATCH-UPD
_b10
_c20130914
_lUCH01
_h1348
590 _aCONVERSION
_b10
_c20130109
_lUCH01
_h1336
650 1 4 _aPesquería
_xAfrica.
_987498
830 0 _aFAO. Informe de pesca
_v; 388
_939587
901 _aBK
905 _aPatricia Mendoza P.
942 _cLIBRO
949 _a639.2 F46 v.388
_bBC
_cFAO
_d33724000769949
_eFAO1
_gDonaciØn
_h74869
_i76690
_sb
999 _c66248
_d66248